Modern Family Multiple Choice - Statistics

General Stats
  • This quiz has been taken 1,643 times
    1,627 since last reset
  • The average score is 13 of 15
Answer Stats
Question Answer % Correct
What is Phil Dunphy's occupation? Realtor
99%
Which boyfriend impregnated Haley Dunphy? Dylan Marshall
98%
What is the name of Jay Pritchett's dog? Stella
98%
What Country was Lily Pritchett-Tucker adopted from? Vietnam
98%
What is Mitchell Pritchett's occupation? Lawyer
96%
What state is Modern Family set in? California
91%
What character died in season 10? Dede
91%
What sport does Cameron Tucker coach? Football
91%
What is Dylan Marshall's occupation? Nurse
84%
What College does Alex Dunphy attend? California Institute of Technology
80%
How many biological children does Jay Pritchett have? 3
79%
Which of these foods is Luke Dunphy allergic to? Soybeans
77%
Which is the final season of Modern Family? Season 11
73%
What character is actually a member of Mensa in real life? Luke Dunphy
53%
What branch of the military did Jay Pritchett serve in? Navy
49%
No matching quizzes found
Score Distribution
Percent of People with Each Score
Percentile by Number Answered
Your Score History
You have not taken this quiz since the last reset